| 000 | 00547nam a2200169Ia 4500 | ||
|---|---|---|---|
| 008 | 240729s9999 xx 000 0 und d | ||
| 022 | _a2393-4255 | ||
| 245 | 0 | _aReview of Historical Geography and Toponomastics | |
| 260 | _aRomania | ||
| 260 | _bWest University of Timisoara | ||
| 650 | _a Geography (General) | History (General) and history of Europe | ||
| 650 | _a History (General) | ||
| 650 | _aGeography. Anthropology. Recreation | ||
| 856 | _uhttps://doaj.org/toc/85b6ce3e7f784a9aa1eb9c42e2535ed4 | ||
| 942 | _2ddc | ||
| 942 | _cDOAJEJ | ||
| 999 |
_c71118 _d71118 |
||
| 945 |
_a1 _bMadushi Gamage _c1 _dMadushi Gamage |
||